000 00543nam a2200181Ia 4500
003 GCL
008 140319s9999 xx 000 0 ara d
040 _aGCL /
_cGCL
082 0 4 _a891.7
_bش ذ
100 1 _aشوكشية، فاسيلى
245 1 0 _aالذئاب /
_cشوكشية، فاسيلى
700 1 _aنهاد حسن الامام
300 _a188 ص
490 _aالرواية العالمية
_v0
650 0 4 _aالقصة الروسية المترجمة
650 0 4 _aالادب الروسى المترجم
942 _2ddc
_cBK
999 _c39987
_d39987